<?xml version="1.0" encoding="UTF-8"?><?xml-stylesheet type="text/xsl" href="static/style.xsl"?><OAI-PMH xmlns="http://www.openarchives.org/OAI/2.0/" xmlns:xsi="http://www.w3.org/2001/XMLSchema-instance" xsi:schemaLocation="http://www.openarchives.org/OAI/2.0/ http://www.openarchives.org/OAI/2.0/OAI-PMH.xsd"><responseDate>2026-04-26T07:15:53Z</responseDate><request verb="GetRecord" identifier="oai:uvadoc.uva.es:10324/8340" metadataPrefix="marc">https://uvadoc.uva.es/oai/request</request><GetRecord><record><header><identifier>oai:uvadoc.uva.es:10324/8340</identifier><datestamp>2021-06-29T10:27:36Z</datestamp><setSpec>com_10324_38</setSpec><setSpec>col_10324_852</setSpec></header><metadata><record xmlns="http://www.loc.gov/MARC21/slim" xmlns:doc="http://www.lyncode.com/xoai" xmlns:xsi="http://www.w3.org/2001/XMLSchema-instance" xmlns:dcterms="http://purl.org/dc/terms/" xsi:schemaLocation="http://www.loc.gov/MARC21/slim http://www.loc.gov/standards/marcxml/schema/MARC21slim.xsd">
<leader>00925njm 22002777a 4500</leader>
<datafield tag="042" ind1=" " ind2=" ">
<subfield code="a">dc</subfield>
</datafield>
<datafield tag="720" ind1=" " ind2=" ">
<subfield code="a">Gómez Enjuto, Alba</subfield>
<subfield code="e">author</subfield>
</datafield>
<datafield tag="260" ind1=" " ind2=" ">
<subfield code="c">2014</subfield>
</datafield>
<datafield tag="520" ind1=" " ind2=" ">
<subfield code="a">Este trabajo trata sobre el Proyecto Prakash, el cual se puso en marcha&#xd;
en el 2003 gracias al profesor Pawan Sinha.&#xd;
Elegí este tema para mi proyecto por la importancia que creo que tiene&#xd;
el estudio en el que se basa y el importante componente humanitario que&#xd;
conlleva.&#xd;
“Prakash” en sánscrito significa luz. El objetivo del Proyecto Prakash es&#xd;
traer luz tanto a las vidas de los niños con ceguera congénita, como a ciertas&#xd;
preguntas científicas acerca de cómo el cerebro se desarrolla y aprende a ver.El Proyecto Prakash está ayudando a esclarecer el panorama de lo que&#xd;
se puede lograr y lo que no cuando un niño comienza a ver después del&#xd;
período crítico. Se ha demostrado así que existe una plasticidad neuronal&#xd;
incluso en los últimos años de la infancia o en jóvenes adultos, por lo que se&#xd;
puede afirmar que los niños obtienen un claro beneficio con la cirugía.</subfield>
</datafield>
<datafield tag="024" ind2=" " ind1="8">
<subfield code="a">http://uvadoc.uva.es/handle/10324/8340</subfield>
</datafield>
<datafield ind1=" " ind2=" " tag="653">
<subfield code="a">Visión, trastornos de la -Tratamiento</subfield>
</datafield>
<datafield ind1=" " ind2=" " tag="653">
<subfield code="a">Prakash, proyecto</subfield>
</datafield>
<datafield tag="245" ind1="0" ind2="0">
<subfield code="a">Cambios en la función visual tras el periodo crítico</subfield>
</datafield>
</record></metadata></record></GetRecord></OAI-PMH>